=LDR 00000nam 2200000 4500 =001 INLIS000000000024184 =005 20130612122803 =008 ***********************************Ind** =035 ##$$a0010-061300000024184 =041 ##$$a Ind =082 ##$$a 631.4 =090 ##$$a 631.4, Sut p =100 ##$$a Sutejo, Mul Mulyani =245 ##$$a Pengantar ilmu tanah, Mul Mulyani sutejo, A.G. Kartasapoetra =260 ##$$a 2002 $b Jakarta =300 ##$$a 150 hlm., ilus., 21 cm =650 ##$$a Ilmu Tanah =850 ##$$a NBPNMAT =990 ##$$a 94230/BPAP-NTB/2014 =990 ##$$a 21400613/BPAP-NTB/20142014